Mecánica vectorial para ingenieros. Dinámica
| Main Authors: | , , |
|---|---|
| Format: | Section = Libro |
| Language: | Undetermined Spanish |
| Published: |
México
McGraw-Hill
1998
|
| Edition: | 6a.ed. |
| Subjects: |
| LEADER | 00674nam a2200253Ia 4500 | ||
|---|---|---|---|
| 008 | 240829s9999 xx 000 0 und d | ||
| 020 | |a 970-10-1951-2 | ||
| 040 | |a BIBLIOTECA-RUSB/ 620.104 B415 | ||
| 041 | |a spa | ||
| 082 | |a 620.104 B415 | ||
| 100 | 1 | |a Beer, Ferdinand P. | |
| 100 | 1 | |b Johnston, E.,Rusell Jr | |
| 100 | 1 | |c Cornwell, Phillip J | |
| 245 | 1 | 0 | |a Mecánica vectorial para ingenieros. Dinámica |
| 250 | |a 6a.ed. | ||
| 260 | |a México |b McGraw-Hill |c 1998 | ||
| 300 | |a 1314 p. :il. | ||
| 650 | 7 | |a DINAMICA APLICADA | |
| 650 | 7 | |b CINEMATICA | |
| 650 | 7 | |c CINETICA | |
| 650 | 7 | |d AMORTIGUACION - MECANICA | |
| 942 | |c BK |2 ddc | ||
| 991 | |a TEXTO | ||
| 999 | |c 2727 | ||